01477nam a2200169Ia 4500001001300000003001000013008004100023040002500064041000700089100002000096245007500116250001100191260003200202300001200234500104100246650002001287b7227-53484 IT-MiCISF161014s9999||||xx |||||||||||||| ||und|| aIT-MiCISFcIT-MiCISF ait aFranzini Manila 0aFormazione alle competenze interculturali nell'adozione internazionale a1a ed. a MilanobFrancoAngelic2012 app. 191 a / adozione-internazionale, operatori, formazione, associazioni / Il testo muove dalle riflessioni sugli aspetti fondativi dell'adozione, sulle relazioni di coppia e gli stili educativi riguardanti la crescita dei figli, con riferimento alla formazione nell'adozione. Esso analizza poi la realtà italiana, con particolare riguardo alla storia dei singoli Enti autorizzati e alle differenti proposte formative attualmente offerte dagli stessi nelle singole regioni e nei Paesi esteri, per il tramite dei referenti e collaboratori. Successivamente riprende le più importanti teorie scientifiche riguardanti la transizione alla genitorialità e la capacità e le risorse degli adulti di farsi carico del figlio, l'identità adottiva, l'esperienza familiare dell'adozione, le tensioni ideali dei genitori e dei figli, per approdare alla definizione di modelli e alla proposta di espressioni formative che costituiranno un importante strumento di lavoro per gli operatori ma anche un'offerta di stimoli e suggerimenti per le famiglie. aadozione-affido